000 00697nam a2200289Ia 4500
005 20260324132152.0
008 008 260324s9999 xx 000 0 eng d
020 _a9781315856483
037 _aEBOOK
040 _aCRL
040 _beng
040 _cCRL
041 _2eng
041 _aeng
084 _qCRL
100 _aBarbara R. Blackburn
_91140574
245 0 _aClassroom Motivation from A to Z
245 0 _bHow to Engage Your Students in Learning
260 _bTaylor and Francis
260 _c2005
365 _a
365 _b170
856 _uhttp://www.taylorfrancis.com/books/9781315856483
942 _cEBOOK
999 _c1786130
_d1786130